| 000 | 00701nam a2200265Ia 4500 | ||
|---|---|---|---|
| 005 | 20260121170802.0 | ||
| 008 | 008 260114s9999 xx 000 0 eng d | ||
| 020 | _a9789811087509 | ||
| 037 | _aEBOOK | ||
| 040 | _aCRL | ||
| 040 | _beng | ||
| 040 | _cCRL | ||
| 041 | _2eng | ||
| 041 | _aeng | ||
| 084 | _qCRL | ||
| 100 |
_aJiang Wu, Jianxing Ren, Weiguo Pan, Ping Lu, Yongfeng Qi _91068136 |
||
| 245 | 0 | _aPhoto-catalytic Control Technologies of Flue Gas Pollutants | |
| 260 | _bSpringer | ||
| 260 | _bSpringer | ||
| 260 | _c2019 | ||
| 856 | _uhttps://link.springer.com/openurl?genre=book&isbn=978-981-10-8750-9 | ||
| 942 | _cEBOOK | ||
| 999 |
_c1633866 _d1633866 |
||